| 000 | 00954nam a2200301 a 4500 | ||
|---|---|---|---|
| 001 | 000109918 | ||
| 003 | CHAP | ||
| 005 | 20220329144109.0 | ||
| 008 | 140609s2013 mx | |rm |0|||||spa|d | ||
| 010 | _a106380 | ||
| 011 | _a107352 | ||
| 040 | _cCHAP | ||
| 090 | _aTesis | ||
| 100 | 1 |
_aParra Solano, Sandro Adalid _9127275 |
|
| 245 | 1 | 0 |
_aEvaluación de curvas de crecimiento en cuatro lineas genéticas terminales de cerdos de engorda / _cpor Sandro Adalid Parra Solano. |
| 260 |
_aCocula, Gro. : _bEl autor, _c2013. |
||
| 300 | _avi, 81 h. | ||
| 502 | _aTesis (Ing. Agr. Zootecnista) -- CSAEGRO | ||
| 590 |
_aE792CSJ _b05 _c20140609 _lUCH01 _h0940 |
||
| 650 | 1 | 4 |
_aGanado porcino _xCrecimiento. _945349 |
| 650 | 1 | 4 |
_aGanado porcino _xCruzas. _945351 |
| 650 | 1 | 4 |
_aGanado porcino _xEngorda. _945362 |
| 650 | 1 | 4 |
_aGanado porcino _xMejoramiento. _945382 |
| 650 | 1 | 4 |
_aGanado porcino _xPeso. _945396 |
| 901 | _aBK | ||
| 942 | _cTESIS | ||
| 942 | _n0 | ||
| 999 |
_c106380 _d106380 |
||